Electricity And Magnetism (Record no. 318796)

MARC details
000 -LEADER
fixed length control field 00478nam a2200181Ia 4500
008 - FIXED-LENGTH DATA ELEMENTS--GENERAL INFORMATION
fixed length control field 230718s9999 xx 000 0 und d
041 ## - LANGUAGE CODE
Language code of text/sound track or separate title eng
082 ## - DEWEY DECIMAL CLASSIFICATION NUMBER
Classification number 537
Item number PUR
100 ## - MAIN ENTRY--PERSONAL NAME
Personal name Purcell E. M.
245 ## - TITLE STATEMENT
Title Electricity And Magnetism
Remainder of title Berkely Physics Course
250 ## - EDITION STATEMENT
Edition statement 2nd ed.
260 ## - PUBLICATION, DISTRIBUTION, ETC. (IMPRINT)
Name of publisher, distributor, etc. Tata Mc-graw Hill Pub.
300 ## - PHYSICAL DESCRIPTION
Extent 484
Accompanying material [OBSOLETE, CAN/MARC] Ref 324 G (30003)
365 ## - TRADE PRICE
Currency code Rs.
Price amount 350.00
500 ## - GENERAL NOTE
Keywords 324 GEN
700 ## - ADDED ENTRY--PERSONAL NAME
Personal name Purcell E. M.
906 ## - LOCAL DATA ELEMENT F, LDF (RLIN)
d B:467303-Jun-2008
c PHY
b 70
Holdings
Withdrawn status Lost status Source of classification or shelving scheme Reference No Damaged status Not for loan Home library Current library Date acquired Vendor Budget Code Cost, normal purchase price Bill number Full call number Barcode Date last seen Discount Cost, replacement price Bill Date Koha item type Original Barcode
    Dewey Decimal Classification Ref 324 G (30003)   Reference Cummins College of Engineering for Women Pune Cummins College of Engineering for Women Pune 24/06/2008 Tbs PHY 280.00 4673 537 CCEP-BK-30003 18/07/2023 70 350.00 03/06/2008 Books 030003